000 00558nam a2200217Ia 4500
003 OSt
005 20220928144642.0
006 a|||||r|||| 00| 0
007 ta
008 220927b |||||||| |||| 00| 0 eng d
024 _a72644
037 _cTextual
040 _aSDCL
_cSDCL
_beng
041 _2eng
_aeng
082 _aX.53'N7<-M, 111L9
100 _aCaron Francois
_9508838
245 0 _aEconomic history of modern France.
260 _c1979
942 _hX.53'N7<-M, 111L9
_cTEXL
_2CC
999 _c828631
_d828631